Administración y contabilidad de la hacienda pública (Record no. 142286)

MARC details
000 -LEADER
campo de control de longitud fija 00680nam a2200193 i 4500
001 - NÚMERO DE CONTROL
campo de control 142286
003 - IDENTIFICADOR DE NÚMERO DE CONTROL
campo de control ES-MaACL
005 - FECHA Y HORA DE LA ÚLTIMA TRANSACCIÓN
campo de control 20250826051218.0
007 - CAMPO FIJO DE DESCRIPCIÓN FÍSICA--INFORMACIÓN GENERAL
campo de control de longitud fija t|
008 - DATOS DE LONGITUD FIJA--INFORMACIÓN GENERAL
campo de control de longitud fija 071004s1907 sp ||||1| spa d
100 1# - ENTRADA PRINCIPAL--NOMBRE DE PERSONA
Nombre de persona Villa y Lindemán, Diego.
9 (RLIN) 114897
245 10 - MENCIÓN DEL TÍTULO
Título Administración y contabilidad de la hacienda pública
Resto del título : teoría y práctica /
Mención de responsabilidad, etc. Diego Villa y Lindemán y Joaquín Arnal y Fernández.
260 ## - PUBLICACIÓN, DISTRIBUCIÓN, ETC.
Lugar de publicación, distribución, etc. Madrid :
Nombre del editor, distribuidor, etc. [s.n.],
Fecha de publicación, distribución, etc. 1907 (
Fabricante Impr. de la Revista de Legislación)
300 ## - DESCRIPCIÓN FÍSICA
Extensión 3 v. ;
Dimensiones 22 cm.
650 #7 - PUNTO DE ACCESO ADICIONAL DE MATERIA--TÉRMINO DE MATERIA
Término de materia o nombre geográfico como elemento de entrada Hacienda pública
Fuente del encabezamiento o término embne
9 (RLIN) 13279
700 1# - ENTRADA AGREGADA--NOMBRE PERSONAL
Nombre de persona Arnal y Fernández, Joaquín.
9 (RLIN) 23035
852 ## - LOCALIZACIÓN
Ubicación ES-MaACL
Número de control de estantería G-6346-48
Holdings
Estatus retirado Estado de pérdida Estado de daño No para préstamo Biblioteca de origen Biblioteca actual Ubicación en estantería Fecha de adquisición Fuente de adquisición Total de préstamos Signatura topográfica completa Código de barras Visto por última vez Precio de reemplazo Tipo de ítem Koha
        Biblioteca del Ateneo de Madrid Biblioteca del Ateneo de Madrid Depósito 2 17/01/2008     G-6346-48 1148049 23/02/2023 23/02/2023 Libro impreso